|
|
|
|
| LEADER |
00000nam0a2200000 4500 |
| 001 |
221844 |
| 005 |
20231101230429.0 |
| 010 |
|
|
|a 5256002627
|
| 035 |
|
|
|a (RuTPU)RU\TPU\book\242025
|
| 090 |
|
|
|a 221844
|
| 100 |
|
|
|a 20120915d1990 k y0rusy50 ca
|
| 101 |
0 |
|
|a rus
|
| 102 |
|
|
|a RU
|
| 105 |
|
|
|a a z 001zy
|
| 200 |
1 |
|
|a Частотно- временные преобразования и приём дискретных сигналов в системах связи
|f В. И. Клюев
|
| 210 |
|
|
|a Москва
|c Радио и связь
|d 1990
|
| 215 |
|
|
|a 208 с.
|c ил.
|
| 225 |
1 |
|
|a Статистическая теория связи
|v Вып. 32
|
| 320 |
|
|
|a Библиогр.: с. 207.
|
| 606 |
1 |
|
|a Связь
|x Статистическая теория
|2 stltpush
|3 (RuTPU)RU\TPU\subj\54274
|9 72431
|
| 610 |
1 |
|
|a линейные системы
|
| 610 |
1 |
|
|a сигналы
|
| 610 |
1 |
|
|a частотно-временное описание
|
| 610 |
1 |
|
|a дискретные сигналы
|
| 610 |
1 |
|
|a частотно-временные преобразования
|
| 610 |
1 |
|
|a синтез
|
| 610 |
1 |
|
|a прием
|
| 610 |
1 |
|
|a методы
|
| 610 |
1 |
|
|a экспериментальные исследования
|
| 675 |
|
|
|a 621.39:51
|v 3
|
| 700 |
|
1 |
|a Клюев
|b В. И.
|g Владимир Ильич
|
| 801 |
|
1 |
|a RU
|b 63413507
|c 20120915
|
| 801 |
|
2 |
|a RU
|b 63413507
|c 20121004
|g RCR
|
| 942 |
|
|
|c BK
|